Times por Escudo - Liga 1 2024 (Peru) - Statistics

Estatísticas Gerais
  • Esse quiz foi jogado 65 vezes
  • A pontuação média é 9 de 18
Estatísticas das Respostas
Imagem Resposta % Correto
Alianza Lima
93%
Melgar
91%
Sporting Cristal
82%
Universitário
74%
César Vallejo
60%
Cusco
54%
Cienciano
53%
Sport Boys
53%
Sport Huancayo
42%
Atlético Grau
40%
ADT
35%
Unión Comercio
32%
Los Chankas
28%
Carlos Mannucci
26%
Alianza Atlético
25%
Deportivo Garcilaso
25%
Comerciantes Unidos
23%
UTC
23%
Nenhum quiz correspondente encontrado
Distribuição das Pontuações
Porcentagem de Pessoas com Cada Pontuação
Percentil de Números Respondidos
Sua Pontuação Histórica
Você não jogou esse quiz